1434 1899 1871 1714 1824 1807 1422 1726 1014 1247 1803 1677 1019 1165 1747 1819 1103 1579 1471 1688 1343 1572 1707 1714 1671 1015 1969 1056 1217 1589 1925 1144 1125 1002 1015 1892 1186 1122 1761 1615 1798 1906 1323 1753 1184 1505 1751 1137 1373 1472 1831 1746 1826 1912 1705 1019 1156 1268 1887 1020 1364 1180 1174 1990 1458 1935 1824 1306 1549 1237 1744 1757 1180 1380 1045 1139 1926 1523 1638 1647 1975 1384 1262 1448 1908 1065 1942 1552 1847 1190 1332 1300 1649 1357 1337 1382 1586 1109 1456 BCNSPRNW ULIB Ver.6.0+V

เปลี่ยนเป็นภาษาไทย

Change to English
 แสดงรายละเอียดบรรณานุกรม
  กลับหน้าหลัก

Brief Record : Get Marc (ISO 2709) : E-mail record : QR code < ปิดหน้าต่าง
LEADER : 00000nam 2200000uu 4500
001    13399124505
003     ULIB
008    150817s2556 th a 000 0 tha d
020    9789749804223
020    9789749804228
090    นว.^bล158ร ล.5
100    ล่อร่า อิงกัลล์ส์ ไวล์เดอร์;^eผู้แต่ง
245    ริมทะเลสาบสีเงิน/^cล่อร่า อิงกัลล์ส์ ไวล์เดอร์. ; เขียน ,สุคนธรส. ; แปล
250    พิมพ์ครั้งที่ 9
260    กรุงเทพฯ :^bแพรวเยาวชน,^c2556
300    295 หน้า;^b18.5 ซม.
500    หนังสือชุดบ้านเล็ก
700    สุคนธรส ;^eแปล
945    ^p215^l0^i039776
999    ^aทศพร
รายการนี้ยังไม่มีแท็ก
คุณยังไม่ได้ล็อกอิน คุณสามารถมีกิจกรรมร่วมกับเว็บไซต์ได้ แต่ต้องล็อกอินก่อน ::
  ล็อกอิน

รายการสื่อสารสนเทศ

ลำดับที่ ประเภท เลขเรียก/บาร์โค้ด สถานที่ สถานะ
1. นวนิยาย
นวนิยาย
นว. ล158ร ล.5 ฉ.1 
  Barcode: 039776
ห้องสมุดวิทยาเขตสวรรค์ประชารักษ์
►นวนิยาย
บนชั้น
  ขอยืม

BibComment


ยังไม่เคยถูกคอมเมนท์

คอมเมนท์ทรัพยากรรายการนี้
  คอมเมนท์: ริมทะเลสาบสีเงิน ..


 Copyright 2026. Bcnsprnw @Library